000 004530000a22001810004500
001 1487
003 CO-MdFUSB
005 20170515154101.0
008 170515b xxu||||| |||| 00| 0 eng d
020 _a980-257-051-6
040 _cCO-MdBIC
082 0 4 _a863C F830g
100 1 _aFox, Mem
245 1 0 _aGuillermo Jorge Manuel José / Mem Fox ; ilustrado por Julie Vivas
260 _aCaracas : Ediciones Ekaré
300 _a[32] P.
942 _cLGB
999 _c48648
_d48648